Ganar sin competir

Guardat en:
Dades bibliogràfiques
Autor principal: Sol Guzmán, Patricio del (Autor)
Format: Llibre
Idioma:espanyol
Publicat: Santiago Aguilar Chilena 2006
Edició:1a. ed
Matèries:
Etiquetes: Afegir etiqueta
Sense etiquetes, Sigues el primer a etiquetar aquest registre!

MARC

LEADER 00000cam a2200000 a 4500
001 UCI0112
003 CL-VaPUC
008 070420e20060000CL |||||||||||||||||spa|d
020 |a 9562393097 
082 0 4 |a 658.4012  |b SOL  |2 21 
100 0 |a Sol Guzmán, Patricio del  |e author  |9 520228 
245 1 0 |a Ganar sin competir 
250 |a 1a. ed 
300 |a 324 p 
942 |c BK 
945 |d 20070420 00:00:00  |a lvergara 
260 |a Santiago  |b Aguilar Chilena  |c 2006 
500 |a Conceptos para diseñar una estrategia creativa de negocios 
650 0 |a Planificación estratégica   |9 259735 
650 0 |a Planificación empresarial  |9 259791 
650 0 |a Gestión de negocios  |9 307188 
583 |a last modification  |c 20140526 02:37:59  |k Rodrigo Vera 
999 |c 325400  |d 325398 
952 |0 0  |1 0  |4 0  |6 658_401200000000000_SOL_2006  |7 0  |8 A  |9 406263  |a BIBENE  |b BIBENE  |d 2019-11-22  |i 4330811  |o 658.4012 SOL 2006  |p 4330811  |r 2025-01-15  |w 2019-11-22  |y BK  |k ICO 
952 |0 0  |1 0  |3 erb  |4 0  |6 658_401200000000000_SOL_2006  |7 0  |8 A  |9 406264  |a BIBGIM  |b BIBGIM  |i 5078970  |o 658.4012 SOL 2006  |p 5078970  |r 2025-01-15  |w 2019-11-22  |y BK  |z Catalogado en:20140529  |k GIM